| 000 | 00403nam a2200169Ia 4500 | ||
|---|---|---|---|
| 008 | 221030s9999 xx 000 0 und d | ||
| 020 | _a8125908811 | ||
| 041 | _aEnglish | ||
| 082 |
_a105.23 _bSri |
||
| 100 | _aS. C. Srivastava | ||
| 245 | 0 | _aIndustrial Relations & Labour Laws | |
| 250 | _a4th | ||
| 260 |
_bVikas Pub. House _aNew Delhi _c2004 |
||
| 300 | _a716 | ||
| 650 | _aManagement | ||
| 942 | _cBK | ||
| 999 |
_c983 _d983 |
||